| 000 | 00546nam a22001937a 4500 | ||
|---|---|---|---|
| 003 | BD-DhJNU | ||
| 005 | 20250318073118.0 | ||
| 008 | 250227b |||||||| |||| 00| 0 eng d | ||
| 020 | _a8180880842 | ||
| 020 | _a9788180880841 | ||
| 040 |
_aBD-DhJNU _bENG _cBD-DhJNU _dBD-DhJNU |
||
| 082 |
_223 _a297.09 |
||
| 100 | _aQutb, Muhammad | ||
| 245 |
_aIslam : _bthe misunderstood religion / _cMuhammad Qutb |
||
| 260 |
_aNew Delhi : _bMarkazi Maktaba Islami Publishers, _c2004. |
||
| 300 |
_a269 p. : _c21 cm. |
||
| 650 | _aReligion | ||
| 942 |
_2ddc _cBK _n0 |
||
| 999 |
_c1400 _d1400 |
||